000 00805pam a2200313 4500
001 2669008
003 OSt
005 20140310184256.0
008 730906s1974 nyua j 000 1 eng
010 _a 73015857
020 _a0027496104
040 _aDLC
_cDLC
_dDLC
042 _alcac
050 0 0 _aPZ 7
_b.K2253 1974
100 1 _aKeats, Ezra Jack.
_922874
245 1 0 _aDreams /
_cEzra Jack Keats.
260 _aNew York :
_bMacmillan,
300 _bcol. ill. ;
_c26 cm.
350 _a$5.95
521 _aG1
526 _cBR
650 1 _aNight
_vFiction.
_922875
650 1 _aPaper work
_vFiction.
_922876
650 1 _aHispanic Americans
_vFiction.
_922877
906 _a7
_bcbc
_corignew
_d1
_eocip
_f19
_gy-gencatlg
942 _2lcc
_cBK-SCHOLAS
999 _c33408
_d33408